In the Senate of the United States. Letter from the Secretary of the Treasury, transmitting a report from Capt. M. A. Healy, of the U. S. Revenue-Cutter Service, concerning the rescue, by the steamer Bear, of 9 of the crew of the wrecked bark James Allen, and presenting bills for transportation and clothing.

Bibliographic Details
Corporate Authors: United States. Congress. Senate. Committee on Appropriations, ProQuest (Firm), United States. Department of the Treasury
Format: eBook
Language:English
Published: Washington : [publisher not identified], 1894.
Series:United States congressional serial set.
Subjects:
Online Access:Connect to the full text of this electronic book

MARC

Tag First Indicator Second Indicator Subfields
LEADER 00000cam a22000001a 4500
001 in00002944310
005 20190401192818.0
006 m o d
007 cr un mmmapmmp
008 070203s1894 dcud o f000 0 eng d
035 |a cis2004100679 
040 |a UMI  |c UMI  |d UtOrBLW 
043 |a n-us--- 
099 |a ProQuest Serial Set Number 3163 S.exdoc.143 
110 1 |a United States.  |b Congress.  |b Senate.  |b Committee on Appropriations. 
245 1 0 |a In the Senate of the United States. Letter from the Secretary of the Treasury, transmitting a report from Capt. M. A. Healy, of the U. S. Revenue-Cutter Service, concerning the rescue, by the steamer Bear, of 9 of the crew of the wrecked bark James Allen, and presenting bills for transportation and clothing. 
246 1 |a Report on rescue of crew of wrecked bark James Allen 
264 1 |a Washington :  |b [publisher not identified],  |c 1894. 
300 |a 1 online resource. 
336 |a text  |b txt  |2 rdacontent 
337 |a computer  |b c  |2 rdamedia 
338 |a online resource  |b cr  |2 rdacarrier 
490 0 |a S.exdoc.143 
500 |a Record is based on bibliographic data in ProQuest U.S. Serial Set Digital Collection (last viewed Feb. 2007). Reuse except for individual research requires license from ProQuest, LLC. 
510 3 |a ProQuest U.S. Serial Set Digital Collection 
500 |a Electronic resource. 
610 2 0 |a James Allen (Ship) 
650 0 |a Ships. 
650 0 |a Shipwrecks. 
655 7 |a Electronic books.  |2 local 
710 2 |a ProQuest (Firm) 
710 1 |a United States.  |b Department of the Treasury. 
830 0 |a United States congressional serial set. 
856 4 0 |u http://proxy.library.tamu.edu/login?url=http://congressional.proquest.com/congcomp/getdoc?SERIAL-SET-ID=3163+S.exdoc.143  |z Connect to the full text of this electronic book  |t 0 
999 |a MARS 
999 f f |s f70b6a43-527a-375f-89c7-fb182efebe3d  |i 076993fc-0736-38ad-b473-74d0a98541ec  |t 0 
952 f f |a Texas A&M University  |b College Station  |c Electronic Resources  |d Available Online  |t 0  |e ProQuest Serial Set Number 3163 S.exdoc.143  |h Other scheme 
998 f f |a ProQuest Serial Set Number 3163 S.exdoc.143  |t 0  |l Available Online